Dizajn obalov a spotrebiteľ

Salvato in:
Dettagli Bibliografici
Autore principale: Kačeňák, Igor
Natura: Capitolo di libro
Lingua:slovacco
Tags: Aggiungi Tag
Nessun Tag, puoi essere il primo ad aggiungerne!!

MARC

LEADER 00000naa$a2200000$$$4500
001 0155064
005 20240502072727.9
041 0 |a slo 
044 |a SK 
245 1 0 |a Dizajn obalov a spotrebiteľ  |c Igor Kačeňák 
100 1 |a Kačeňák, Igor